[Event "Ch Sweden"]
[Site "masterchessopen.com Haninge (Sweden)"]
[Round "4"]
[White "Rylander Dennis (SWE)"]
[Black "Ernst Thomas (SWE)"]
[Result "0-1"]
[WhiteElo "2100"]
[BlackElo "2410"]

1.d4 Nf6 2.c4 e6 3.Nc3 Bb4 4.e3 O-O 5.Bd3 d5 6.Nf3 c5 7.O-O dxc4 8.Bxc4 Nbd7
9.a3 cxd4 10.exd4 Be7 11.Re1 Nb6 12.Ba2 Bd7 13.Ne5 Rc8 14.Qd3 Bc6 15.Nxf7 Rxf7
16.Bxe6 Rc7 17.Bxf7+ Kxf7 18.Bg5 Kg8 19.Rad1 Rd7 20.Qf5 Nbd5 21.Bxf6 Bxf6
22.Ne4 Rf7 23.Qg4 Be7 24.Nc5 Nf4 25.Re5 h5 26.Qg3 Bxc5 27.dxc5 Qxd1+ {#R} 0-1

[Event "Staatsliga B Mitte 1998/99"]
[Site "masterchessopen.com Austria"]
[Round "4"]
[White "Weiss Christian (AUT)"]
[Black "Farago Ivan (HUN)"]
[Result "1-0"]
[WhiteElo "2370"]
[BlackElo "2530"]

1.d4 Nf6 2.Nf3 d5 3.c4 e6 4.Nc3 Bb4 5.e3 O-O 6.Bd3 c5 7.O-O dxc4 8.Bxc4 Nbd7
9.Qe2 b6 10.Rd1 cxd4 11.exd4 Bb7 12.Bg5 Bxc3 13.bxc3 Qc7 14.Bd3 Qxc3 15.Ne5
Qa5 16.d5 Bxd5 17.Nxd7 Nxd7 18.Bb5 Nc5 19.Bd2 Qa3 20.Rdb1 a5 21.Bc1 Qc3 22.Bb2
Qb4 23.Bxg7 Qe4 24.Qxe4 Bxe4 25.Bxf8 Kxf8 26.Rd1 a4 27.Rd4 Bd5 28.Bc4 Be4
29.f3 Bg6 30.Be2 Ke7 31.Rc1 Rb8 32.Kf1 e5 33.Rb4 Kd6 34.Rc3 Kc7 35.Rxa4 Rd8
36.Ra7+ Kb8 37.Re7 f6 38.Ke1 Rd4 39.a3 Rd6 40.g4 h6 41.h4 Ne6 42.h5 Bb1 43.Bc4
Nc5 44.Rc1 Bd3 45.Rd1 Rd4 46.Bxd3 Nxd3+ 47.Kf1 {#r} 1-0

[Event "It (open)"]
[Site "masterchessopen.com Bad Woerishofen (Germany)"]
[Round "7"]
[White "Giorgadze Giorgi (GEO)"]
[Black "Timoscenko Gennadij (SVK)"]
[Result "1-0"]
[WhiteElo "2610"]
[BlackElo "2470"]

1.d4 Nf6 2.c4 e6 3.Nc3 Bb4 4.e3 O-O 5.Bd3 d5 6.Nf3 c5 7.O-O dxc4 8.Bxc4 Nbd7
9.Qe2 Qe7 10.a3 Ba5 11.Bd2 Bxc3 12.Bxc3 Ne4 13.Rfc1 b6 14.Be1 Bb7 15.dxc5 bxc5
16.b4 Rfc8 17.Bd3 Rc7 18.Rc2 Rac8 19.Rac1 Qd8 20.Bb5 Ndf6 21.Ba6 Qd5 22.Bxb7
Qxb7 23.b5 Qd5 24.a4 Qb3 25.Nd4 Qd5 26.f3 Nd6 27.Nc6 Rxc6 28.bxc6 Qxc6 29.Rxc5
Qxc5 30.Rxc5 Rxc5 31.e4 Nc4 32.Bf2 Rc6 33.Bxa7 h5 34.h4 Nd7 35.Bd4 e5 36.Bf2
Nf8 37.Qa2 Na5 38.Qd5 Rc1+ 39.Kh2 Nc6 40.a5 Ne6 41.a6 Rc2 42.a7 {#r} 1-0

[Event "Ch Nordic"]
[Site "masterchessopen.com Gentofte (Denmark)"]
[Round "7"]
[White "Olsen Heini (FAI)"]
[Black "Gausel Einar (NOR)"]
[Result "0-1"]
[WhiteElo "2292"]
[BlackElo "2500"]

1.d4 Nf6 2.c4 e6 3.Nc3 Bb4 4.e3 c5 5.Bd3 O-O 6.Nf3 d5 7.O-O dxc4 8.Bxc4 Nbd7
9.Qe2 a6 10.a4 cxd4 11.exd4 Qa5 12.Bg5 h6 13.Bh4 Bxc3 14.bxc3 Re8 15.Rfc1 Qh5
16.Bg3 b6 17.Rab1 Qa5 18.Ne5 Bb7 19.Bd3 Nxe5 20.Bxe5 Nd7 21.f4 Rac8 22.c4 Red8
23.c5 Nxe5 24.Qxe5 Qd2 25.Be2 Rd5 26.Rd1 Qc3 27.Qe4 Rcxc5 28.Bd3 Rxd4 29.Qxb7
Rxd3 30.Qa8+ Rc8 31.Qxc8+ Qxc8 32.Rxd3 Qc4 33.Rdb3 Qxf4 34.Rxb6 Qxa4 35.Kh1 a5
36.h3 g5 37.Ra6 Kg7 38.Rb8 Qa1+ {#R} 0-1

[Event "Cup NRW"]
[Site "masterchessopen.com Senden (Germany)"]
[Round "5"]
[White "Aleksandrov Aleksej (BLR)"]
[Black "Naiditsch Arkadij (GER)"]
[Result "0-1"]
[WhiteElo "2619"]
[BlackElo "2417"]

1.d4 e6 2.c4 Nf6 3.Nc3 Bb4 4.e3 O-O 5.Bd3 d5 6.Nf3 c5 7.O-O dxc4 8.Bxc4 Nbd7
9.Qe2 b6 10.d5 Bxc3 11.dxe6 Ne5 12.exf7+ Kh8 13.bxc3 Bg4 14.e4 Qe7 15.Re1 b5
16.Bxb5 Nh5 17.Bc4 Bxf3 18.gxf3 Qf6 19.Bd5 Nxf3+ 20.Kg2 Nxe1+ 21.Qxe1 Rad8
22.Bc4 Qg6+ 23.Kf1 Qg4 24.Bd2 Qf3 25.Bd5 Nf6 26.Qd1 Qh3+ 27.Ke1 Nxd5 28.exd5
Rxd5 29.Qe2 Qd7 30.Be3 Qxf7 31.Rd1 h6 32.Qa6 Rfd8 33.Rxd5 Qxd5 34.Qa4 Qd3
35.c4 Rb8 36.Qd1 Rb1 37.Bc1 {#R} 0-1

[Event "It (cat.7)"]
[Site "masterchessopen.com Budapest (Hungary)"]
[Round "10"]
[White "Atanu Lahiri (IND)"]
[Black "Vadasz Laszlo (HUN)"]
[Result "1-0"]
[WhiteElo "2426"]
[BlackElo "2301"]

1.d4 Nf6 2.c4 e6 3.Nc3 Bb4 4.e3 O-O 5.Nf3 c5 6.Bd3 d5 7.O-O dxc4 8.Bxc4 Nbd7
9.a3 cxd4 10.axb4 dxc3 11.bxc3 Qc7 12.Qb3 b6 13.Be2 Bb7 14.Nd4 a6 15.c4 Ne5
16.Bb2 Neg4 17.f4 Nh6 18.Bf3 Bxf3 19.Rxf3 Ne4 20.Qc2 Qb7 21.c5 bxc5 22.bxc5
Qd5 23.c6 Rfc8 24.Rc1 a5 25.Qa4 Nf5 26.Nxf5 exf5 27.Qd4 Nf6 28.Qxf6 {#r} 1-0

[Event "Tournament"]
[Site "masterchessopen.com Buenos Aires (Argentina)"]
[Round "2"]
[White "Gras Carlos (ARG)"]
[Black "Nogues Alejandro (ARG)"]
[Result "0-1"]
[WhiteElo "2127"]
[BlackElo "2220"]

1.d4 Nf6 2.c4 e6 3.Nc3 Bb4 4.e3 c5 5.Bd3 d5 6.Nf3 dxc4 7.Bxc4 O-O 8.O-O Nbd7
9.a3 cxd4 10.exd4 Bxc3 11.bxc3 Qc7 12.Qd3 b6 13.Re1 Bb7 14.Ba2 Rac8 15.Bd2
Rfd8 16.c4 Ba6 17.Rac1 e5 18.Qf5 g6 19.Qg5 exd4 20.c5 bxc5 21.Re7 c4 22.Ba5
Qd6 23.Bxd8 Rxd8 24.Ree1 Rc8 25.Qh4 d3 26.Bxc4 d2 27.Nxd2 Qxd2 28.Red1 Qb2
29.Rb1 Rxc4 30.Qxc4 Qxb1 31.Qd4 Qb6 32.Qf4 Kg7 33.h4 h5 34.g4 hxg4 35.Kh2 Bb7
36.Rd6 Qb1 37.Qe3 Qh1+ 38.Kg3 Qg2+ {#R} 0-1

[Event "It (open)"]
[Site "masterchessopen.com Senden (Germany)"]
[Round "8"]
[White "Scholz Christian (GER)"]
[Black "Naiditsch Arkadij (GER)"]
[Result "1-0"]
[WhiteElo "2324"]
[BlackElo "2449"]

1.d4 Nf6 2.c4 e6 3.Nc3 Bb4 4.e3 O-O 5.Bd3 d5 6.Nf3 dxc4 7.Bxc4 c5 8.O-O Nbd7
9.Qe2 b6 10.Rd1 cxd4 11.exd4 Bxc3 12.bxc3 Bb7 13.Bd3 Qc7 14.c4 Rfe8 15.Bb2
Rac8 16.Re1 Qb8 17.Ne5 Nxe5 18.dxe5 Nd7 19.Qh5 g6 20.Qh6 Rc5 21.Re3 Rd8 22.f4
Nf8 23.f5 gxf5 24.Bxf5 Ng6 25.Rh3 {#r} 1-0

[Event "Ch Slovakia (team) 2000/01 (2 liga) (b)"]
[Site "masterchessopen.com Slovakia"]
[Round "4"]
[White "Motuz Karol (SVK)"]
[Black "Huba Martin Sr (SVK)"]
[Result "1-0"]
[WhiteElo "2284"]
[BlackElo "2154"]

1.d4 Nf6 2.c4 e6 3.Nc3 Bb4 4.Nf3 c5 5.e3 O-O 6.Bd3 d5 7.O-O dxc4 8.Bxc4 Nbd7
9.Qe2 a6 10.a3 Bxc3 11.bxc3 b5 12.Bd3 Bb7 13.e4 Qc7 14.Bg5 e5 15.Bxf6 gxf6
16.d5 c4 17.Bc2 Nc5 18.Nh4 Kh8 19.Qh5 Rg8 20.Qh6 Qb6 21.Rae1 Rg7 22.Re3 Rag8
23.Kh1 Bc8 24.Rf3 Nd7 25.Nf5 Rg6 26.Qxh7+ {#r} 1-0

[Event "It (open)"]
[Site "masterchessopen.com Suwalki (Poland)"]
[Round "0"]
[White "Ciolek Marcin (POL)"]
[Black "Krzywicki Dariusz (POL)"]
[Result "0-1"]
[WhiteElo "2040"]
[BlackElo "2229"]

1.d4 Nf6 2.c4 e6 3.Nc3 Bb4 4.Nf3 d5 5.e3 O-O 6.Bd3 c5 7.O-O dxc4 8.Bxc4 Nbd7
9.Qb3 Qc7 10.Bd2 a6 11.dxc5 Bxc5 12.e4 b5 13.Bd3 Bb7 14.Rac1 Rac8 15.Rfe1 Ng4
16.Nd1 Qb6 17.Re2 Rfd8 18.Bb1 a5 19.a3 b4 20.axb4 axb4 21.Bf4 Ba6 22.Rd2 Bxf2+
23.Rxf2 Rxc1 24.Bxc1 Nc5 25.Qc2 b3 26.Qc3 Rxd1+ 27.Ne1 Na4 {#R} 0-1

[Event "Ch Lithuania"]
[Site "masterchessopen.com Vilnius (Lithuania)"]
[Round "6"]
[White "Piesina Gintautas (LTU)"]
[Black "Minelga Andrius (LTU)"]
[Result "1-0"]
[WhiteElo "2389"]
[BlackElo "2112"]

1.d4 e6 2.c4 Nf6 3.Nc3 Bb4 4.e3 O-O 5.Bd3 d5 6.Nf3 Nbd7 7.O-O dxc4 8.Bxc4 c5
9.Qb3 a6 10.a4 Qe7 11.Rd1 e5 12.dxc5 Bxc5 13.Qc2 Nb6 14.Be2 e4 15.Nd2 Bf5
16.Nb3 Bd6 17.Nd4 Qe5 18.g3 Bg6 19.Bd2 Nbd7 20.Rab1 Nc5 21.b4 Ne6 22.Nxe6 Qxe6
23.Be1 Rad8 24.Rd4 Be5 25.Rxd8 Rxd8 26.b5 Rc8 27.bxa6 bxa6 28.Qb3 Bf5 29.Qxe6
fxe6 30.Bxa6 Rc6 31.Bb7 Rxc3 32.Bxc3 Bxc3 33.Rc1 Ba5 34.Rc5 Bb4 35.Rb5 Be1
36.Kf1 Bc3 37.a5 e5 38.a6 Be6 39.a7 Bc4+ 40.Kg2 Bxb5 41.a8=Q+ Kf7 42.Bxe4 Nxe4
43.Qxe4 Kf6 44.f4 g6 45.Qd5 Be8 46.Qd8+ Kf7 {#r} 1-0

[Event "It \"]
[Site "masterchessopen.com Kecskemet (Hungary)"]
[Date "2000.06.17"]
[Round "1"]
[White "Eckhardt Wladislaw (GER)"]
[Black "Siklosi Zoltan (HUN)"]
[Result "0-1"]
[WhiteElo "2256"]
[BlackElo "2311"]

1.d4 Nf6 2.c4 e6 3.Nc3 Bb4 4.e3 O-O 5.Bd3 c5 6.Nf3 d5 7.O-O dxc4 8.Bxc4 Nbd7
9.a3 cxd4 10.exd4 Bxc3 11.bxc3 Qc7 12.Qb3 b6 13.Be2 Bb7 14.c4 Rac8 15.Bb2 Ng4
16.Rfe1 Bxf3 17.Bxf3 Qxh2+ 18.Kf1 Qh4 19.g3 Qg5 20.Kg2 Ndf6 21.a4 h5 22.a5 h4
23.axb6 axb6 24.Rac1 hxg3 25.fxg3 Qh6 26.Re2 Qh2+ 27.Kf1 Qxg3 28.Rg2 Qf4
29.Ke2 Nh6 30.Bb7 Nf5 31.Rf1 Nxd4+ 32.Bxd4 Qxd4 33.Bxc8 Rxc8 34.Qd3 Qh4 35.Qf3
Qxc4+ 36.Ke1 Qb4+ 37.Kf2 Qd4+ 38.Ke1 Rc1+ {#R} 0-1

[Event "Extra League 2000/01"]
[Site "masterchessopen.com Czech Republic"]
[Round "6"]
[White "Babula Vlastimil (CZE)"]
[Black "Macieja Bartlomiej (POL)"]
[Result "1-0"]
[WhiteElo "2565"]
[BlackElo "2582"]

1.d4 Nf6 2.c4 e6 3.Nc3 Bb4 4.e3 O-O 5.Bd3 c5 6.Nf3 d5 7.O-O dxc4 8.Bxc4 Nbd7
9.a3 cxd4 10.axb4 dxc3 11.bxc3 Qc7 12.Qb3 e5 13.Be2 e4 14.Nd4 Ne5 15.h3 Bd7
16.c4 Qc8 17.f4 exf3 18.Nxf3 Nxf3+ 19.Rxf3 Bf5 20.Bb2 Ne4 21.c5 Bg6 22.Bc4 Qc7
23.Rf4 Kh8 24.Bd5 Ng3 25.Bf3 f6 26.Qc3 a6 27.b5 axb5 28.Rxa8 Rxa8 29.Rxf6 b4
30.Qc4 Nf5 31.Rb6 Qg3 32.Rxb7 Qe1+ 33.Qf1 Qxe3+ 34.Qf2 Qxf2+ 35.Kxf2 Rg8 36.g4
Nh4 37.Bd5 {#r} 1-0

[Event "Bundesliga 2001/02"]
[Site "masterchessopen.com Germany"]
[Round "1"]
[White "Babula Vlastimil (CZE)"]
[Black "Ribli Zoltan (HUN)"]
[Result "1-0"]
[WhiteElo "2565"]
[BlackElo "2564"]

1.d4 Nf6 2.c4 e6 3.Nc3 Bb4 4.e3 O-O 5.Bd3 c5 6.Nf3 d5 7.O-O dxc4 8.Bxc4 Nbd7
9.a3 cxd4 10.axb4 dxc3 11.bxc3 Qc7 12.Qb3 Nb6 13.Be2 e5 14.Ra5 Be6 15.Qc2 Nbd7
16.c4 b6 17.Ra6 Rfc8 18.Nd2 Qb7 19.Ra1 b5 20.c5 a5 21.Rxa5 Rxa5 22.bxa5 Nxc5
23.Qb2 Qc7 24.Nf3 Nb3 25.Bd2 Qc2 26.Qxc2 Rxc2 27.Bd1 Ra2 28.Bxb3 Bxb3 29.Rb1
Bd5 30.Rxb5 h6 31.Bc3 Rc2 32.Bb2 Ne4 33.a6 Rxf2 34.a7 Bc6 35.Nxe5 Rd2 36.h3
{#r} 1-0

[Event "Extra League 2000/01"]
[Site "masterchessopen.com Slovakia"]
[Round "7"]
[White "Priehoda Vitezslav (CZE)"]
[Black "Debnar Lubos (SVK)"]
[Result "0-1"]
[WhiteElo "2417"]
[BlackElo "2295"]

1.d4 Nf6 2.c4 e6 3.Nc3 Bb4 4.e3 O-O 5.Bd3 c5 6.Nf3 d5 7.O-O dxc4 8.Bxc4 Nbd7
9.Qb3 a6 10.a4 b6 11.Ne5 Nxe5 12.dxe5 Nd7 13.f4 Bxc3 14.bxc3 Bb7 15.Rd1 Qc7
16.Rd6 Rfe8 17.Ra2 Bc6 18.Rad2 Nf8 19.Bf1 Reb8 20.c4 Ng6 21.Bd3 Nh4 22.Qc2 h6
23.Bh7+ Kh8 24.Be4 Bxe4 25.Qxe4 Rd8 26.g4 Kg8 27.Kf2 Ng6 28.Qc6 Qe7 29.Ke2
Rdc8 30.Qf3 Rab8 31.Rb2 Qe8 32.a5 b5 33.Rxa6 b4 34.Qe4 Qd8 35.Rd2 Qc7 36.Rdd6
Ne7 37.Qd3 Qb7 38.e4 Nc6 39.Bb2 Qxa6 {#R} 0-1

[Event "It (open)"]
[Site "masterchessopen.com Bad Zwesten (Germany)"]
[Round "2"]
[White "Rack Matthias (GER)"]
[Black "Naiditsch Arkadij (GER)"]
[Result "0-1"]
[WhiteElo "2091"]
[BlackElo "2585"]

1.d4 Nf6 2.Nf3 e6 3.c4 Bb4+ 4.Nc3 c5 5.e3 O-O 6.Bd3 d5 7.O-O dxc4 8.Bxc4 Nbd7
9.Bd3 cxd4 10.exd4 b6 11.Qe2 Bb7 12.Rd1 Nd5 13.Nxd5 Bxd5 14.Ng5 Nf6 15.Ne4
Nxe4 16.Bxe4 Qd7 17.a3 Be7 18.Bxd5 Qxd5 19.Be3 Rac8 20.Rac1 b5 21.Qd2 g6
22.Qa5 Qd7 23.Qd2 Rxc1 24.Rxc1 Bf6 25.g3 Rd8 26.Rd1 Qd5 27.f4 h5 28.Qg2 Qb3
29.Qd2 h4 30.g4 h3 31.Qe2 Rc8 32.g5 Bg7 33.Kf2 Rd8 34.Rd3 Qd5 35.Qf3 Qf5
36.Qd1 Qe4 37.Rd2 Qg2+ 38.Ke1 Qd5 39.Kf2 f6 40.Kg3 fxg5 41.fxg5 Rf8 42.Bf4 Qe4
{#R} 0-1

[Event "Ch Europe"]
[Site "masterchessopen.com Batumi (Georgia)"]
[Round "5"]
[White "Kallio Heikki (FIN)"]
[Black "Anastasian Ashot (ARM)"]
[Result "0-1"]
[WhiteElo "2474"]
[BlackElo "2555"]

1.d4 Nf6 2.c4 e6 3.Nc3 Bb4 4.e3 O-O 5.Bd3 d5 6.Nf3 dxc4 7.Bxc4 Nbd7 8.O-O c5
9.a3 cxd4 10.axb4 dxc3 11.bxc3 Qc7 12.Qb3 b6 13.Bb2 Bb7 14.Be2 Ng4 15.Rfd1
Bxf3 16.Bxf3 Qxh2+ 17.Kf1 Nde5 18.Bxa8 Rxa8 19.Rxa7 Rf8 20.c4 Qh1+ 21.Ke2 Qxg2
22.Kd2 Nc6 23.Rd7 Nxf2 24.Re1 h5 25.Kc1 h4 26.b5 Na5 27.Qb4 h3 28.Ba3 Re8
29.c5 h2 30.Qf4 f6 31.cxb6 Ne4 32.Qc7 h1=Q 33.Rxg7+ Qxg7 34.Rxh1 Nb3+ 35.Kb1
Nbd2+ 36.Kc2 Nc4 37.Qc6 Qg2+ 38.Kb3 Na5+ {#R} 0-1

[Event "It (cat.10)"]
[Site "masterchessopen.com Bermuda"]
[Round "8"]
[White "Lesiege Alexandre (CAN)"]
[Black "Macieja Bartlomiej (POL)"]
[Result "1-0"]
[WhiteElo "2528"]
[BlackElo "2629"]

1.d4 Nf6 2.c4 e6 3.Nc3 Bb4 4.e3 O-O 5.Bd3 c5 6.Nf3 d5 7.O-O dxc4 8.Bxc4 Nbd7
9.a3 cxd4 10.axb4 dxc3 11.bxc3 Qc7 12.Be2 Qxc3 13.Ba3 e5 14.Qb1 Qc7 15.Rc1 Qb8
16.b5 Re8 17.Rd1 b6 18.Bd6 Qb7 19.Ng5 h6 20.Nxf7 Kxf7 21.Bc4+ Re6 22.Qf5 Nb8
23.Bd5 Qd7 24.Bxe5 Bb7 25.Bb3 Qe7 26.Rac1 Nd7 27.Bxf6 {#r} 1-0

[Event "It Copa Supercom"]
[Site "masterchessopen.com Bucharest (Romania)"]
[Round "5"]
[White "Bets Anatolij (MDA)"]
[Black "Ionescu Constantin (ROM)"]
[Result "0-1"]
[WhiteElo "2357"]
[BlackElo "2473"]

1.d4 Nf6 2.c4 e6 3.Nc3 Bb4 4.e3 O-O 5.Bd3 d5 6.Nf3 c5 7.O-O dxc4 8.Bxc4 Nbd7
9.a3 cxd4 10.exd4 Bxc3 11.bxc3 Qc7 12.Qd3 b6 13.h3 Bb7 14.Ba2 Be4 15.Qe3 Bd5
16.Bb1 Rac8 17.Bd2 Qb7 18.Re1 Rfe8 19.Nh4 Nf8 20.Bd3 Bc4 21.Nf3 Ng6 22.Bxg6
hxg6 23.Ng5 Bd5 24.f3 Qc7 25.Qf2 Nd7 26.Qh4 Nf8 27.Rac1 f6 28.Ne4 Qe7 29.c4
Rxc4 30.Rxc4 Bxc4 31.Bb4 Qd7 32.Nd6 a5 33.Nxc4 axb4 34.axb4 Rd8 35.d5 Qxd5
36.Nxb6 Qb5 37.Qf2 Rb8 38.Rb1 Qxb6 39.Qxb6 Rxb6 40.Kf2 g5 41.Ke3 Rd6 42.b5 Nd7
43.Kf2 Kf7 44.Kg3 Nb6 45.h4 gxh4+ 46.Kxh4 Nd5 47.g3 Rb6 48.Rb3 Nc7 49.Rc3 Nxb5
50.Rb3 Rb7 {#R} 0-1

[Event "Ch Argentina"]
[Site "masterchessopen.com Buenos Aires (Argentina)"]
[Round "2"]
[White "Nedilsky Diego (ARG)"]
[Black "Nogues Alejandro (ARG)"]
[Result "0-1"]
[WhiteElo "2290"]
[BlackElo "2214"]

1.d4 Nf6 2.c4 e6 3.Nc3 Bb4 4.Nf3 c5 5.e3 O-O 6.Bd3 d5 7.O-O dxc4 8.Bxc4 Nbd7
9.a3 cxd4 10.exd4 Bxc3 11.bxc3 Qc7 12.Qb3 b6 13.Be2 Bb7 14.c4 Rac8 15.Bb2 Rfe8
16.Rac1 Ng4 17.d5 Nc5 18.Qd1 exd5 19.cxd5 Red8 20.Bc4 Qf4 21.g3 Qf5 22.Nh4 Qd7
23.h3 Ne5 24.Qh5 Nxc4 25.Rxc4 Qxd5 26.Qxd5 Rxd5 27.Rg4 g6 28.Rd4 Rxd4 29.Bxd4
Rd8 30.Bf6 Rd6 31.Be5 Rd3 32.Re1 Nd7 33.Bb2 f6 34.Ng2 Bxg2 35.Kxg2 Kf7 36.Re4
Nc5 37.Rf4 Rd6 38.Rh4 h5 39.g4 Nd3 40.Bc3 g5 41.Rxh5 Nf4+ 42.Kh1 Nxh5 43.gxh5
Rd3 {#R} 0-1

[Event "Ukrainian Games (youth)"]
[Site "masterchessopen.com Evpatoria (Ukraine)"]
[Round "7"]
[White "Korobov Anton (UKR)"]
[Black "Tkach Vladimir (UKR)"]
[Result "1-0"]
[WhiteElo "2509"]
[BlackElo "2050"]

1.d4 Nf6 2.c4 e6 3.Nc3 Bb4 4.e3 O-O 5.Bd3 d5 6.Nf3 c5 7.O-O dxc4 8.Bxc4 Nbd7
9.a3 cxd4 10.axb4 dxc3 11.bxc3 Qc7 12.Qb3 b6 13.Be2 Bb7 14.Rd1 Rfc8 15.c4 a5
16.Bb2 axb4 17.Rxa8 Bxa8 18.Qxb4 h6 19.Nd4 Qc5 20.Qxc5 bxc5 21.Nb5 Kf8 22.Ra1
Bc6 23.Na7 Rc7 24.f3 Ke7 25.Kf2 Ne8 26.Ra6 Bb7 27.Ra5 f6 28.Nb5 Rc8 29.Ra7 Bc6
30.Ba3 Kd8 31.Ra6 Bxb5 32.cxb5 Nc7 33.Rc6 Rb8 34.Bxc5 Nxb5 35.Bb4 e5 36.Bc4
Na7 37.Ba5+ Ke8 38.Re6+ Kf8 39.Ra6 Nc8 40.Kg3 Ne7 41.Bc7 Rc8 42.Ra7 Nb8 43.Be6
Re8 44.Bd6 Nc6 45.Rc7 Nb8 46.Bc4 g6 47.Bb5 Kg8 48.Bxe7 {#r} 1-0

[Event "Ch Finland (team) 2001/02"]
[Site "masterchessopen.com Finland"]
[Round "9"]
[White "Salo Heikki (FIN)"]
[Black "Luukkonen Tommi (FIN)"]
[Result "1-0"]
[WhiteElo "2279"]
[BlackElo "2092"]

1.d4 Nf6 2.c4 e6 3.Nc3 Bb4 4.e3 O-O 5.Bd3 d5 6.Nf3 c5 7.O-O dxc4 8.Bxc4 Nbd7
9.Qd3 a6 10.a3 Bxc3 11.bxc3 b5 12.Ba2 Bb7 13.Rd1 Qc7 14.h3 Rfd8 15.Qe2 Rac8
16.Bb2 Bd5 17.c4 bxc4 18.Bxc4 Bxc4 19.Qxc4 Qb7 20.Rab1 Nb6 21.Qe2 c4 22.Bc3
Nfd5 23.Ba5 Rd6 24.Rdc1 Qa7 25.e4 Nf4 26.Qe3 Nd3 27.Bxb6 Rxb6 28.Qxd3 {#r} 1-0

[Event "Bundesliga 2002/03"]
[Site "masterchessopen.com Germany"]
[Round "5"]
[White "Sadler Matthew (ENG)"]
[Black "Pedersen Nicolai Vesterbaek (DEN)"]
[Result "1-0"]
[WhiteElo "2624"]
[BlackElo "2512"]

1.d4 Nf6 2.c4 e6 3.Nc3 Bb4 4.e3 O-O 5.Bd3 d5 6.Nf3 c5 7.O-O dxc4 8.Bxc4 Nbd7
9.Qe2 a6 10.a4 b6 11.Na2 Ba5 12.dxc5 bxc5 13.b3 Bb7 14.Bb2 Qc7 15.Rfd1 Bc6
16.h3 Qb7 17.Nc1 Ne4 18.Qc2 Nb6 19.Ne5 Nxc4 20.Nxc4 Bb4 21.Nd3 a5 22.f3 Ng3
23.Nxb4 cxb4 24.Qf2 Nf5 25.e4 Ne7 26.Qc5 Qa7 27.Bd4 Qxc5 28.Bxc5 Rfe8 29.Rac1
Nc8 30.Ne5 Ra6 31.Be3 Ba8 32.Nd7 f6 33.Rc7 Ne7 34.Nc5 {#r} 1-0

[Event "It (open) \"]
[Site "masterchessopen.com Kocaeli (Turkey)"]
[Round "5"]
[White "Jobava Beglar (GEO)"]
[Black "Ehlvest Jaan (USA)"]
[Result "0-1"]
[WhiteElo "2353"]
[BlackElo "2600"]

1.d4 Nf6 2.c4 e6 3.Nc3 Bb4 4.e3 O-O 5.Bd3 d5 6.Nf3 c5 7.O-O dxc4 8.Bxc4 Nbd7
9.a3 Ba5 10.Qc2 cxd4 11.exd4 Bxc3 12.Qxc3 b6 13.Bg5 h6 14.Bh4 Bb7 15.Bb5 Rc8
16.Qe3 Qc7 17.Bg3 Qc2 18.Bd6 Rfd8 19.Ne5 Nd5 20.Qf3 N7f6 21.Bb4 Rc7 22.Qd3
Qxb2 23.Nc4 Nxb4 24.axb4 Qxb4 25.Rfb1 Be4 26.Qxe4 Qxb5 27.Qf4 Qd7 28.Ne3 {#R}
0-1

[Event "Ch Yugoslavia (juniors) (w)"]
[Site "masterchessopen.com Obrenovac (Yugoslavia)"]
[Round "5"]
[White "Urosevic Marija (SRB)"]
[Black "Tuvic Nada (SRB)"]
[Result "1-0"]
[WhiteElo "2033"]
[BlackElo "2042"]

1.d4 Nf6 2.c4 e6 3.Nc3 Bb4 4.e3 c5 5.Bd3 O-O 6.Nf3 d5 7.O-O dxc4 8.Bxc4 Nbd7
9.Qe2 b6 10.d5 Bxc3 11.dxe6 Ne5 12.exf7+ Kh8 13.bxc3 Bg4 14.e4 Nh5 15.Bd5 Qf6
16.Qe3 Nxf3+ 17.gxf3 Bxf3 18.Qg5 Rad8 19.Qxf6 Nxf6 20.Bg5 Nxd5 21.Bxd8 Nxc3
22.Rfe1 Ne2+ 23.Kf1 Nd4 24.e5 Bd5 25.Rad1 Bxf7 26.Bc7 Bc4+ 27.Kg2 h6 28.Bd6
Rf5 29.Re3 Ne6 30.f3 Rg5+ 31.Kh1 Nf4 32.Rg1 Rf5 33.Rg3 Ne2 34.Rg4 Bd5 35.Rxe2
Rxf3 36.Kg1 Rd3 37.Rg3 Rd1+ 38.Kf2 {#r} 1-0

[Event "It (open)"]
[Site "masterchessopen.com Porto San Giorgio (Italy)"]
[Round "3"]
[White "Baquero Luis A (COL)"]
[Black "Palac Mladen (CRO)"]
[Result "0-1"]
[WhiteElo "2296"]
[BlackElo "2591"]

1.d4 Nf6 2.c4 e6 3.Nc3 Bb4 4.e3 O-O 5.Bd3 d5 6.Nf3 c5 7.O-O dxc4 8.Bxc4 Nbd7
9.Qe2 b6 10.Rd1 cxd4 11.Rxd4 Bxc3 12.bxc3 Qc7 13.Ba3 Nc5 14.Rb1 Bb7 15.Bxc5
Qxc5 16.Rb5 Qc7 17.h3 Rac8 18.Rf4 Nd5 19.Bxd5 Bxd5 20.Rbb4 Qxc3 21.Qa6 Bxf3
22.gxf3 Qa1+ 23.Kg2 Rc1 24.Rg4 Rg1+ 25.Kh2 Rh1+ 26.Kg3 Qg1+ 27.Kf4 Qh2+ 28.Rg3
Qxf2 29.Qb5 f6 {#R} 0-1

[Event "It (open)"]
[Site "masterchessopen.com Skopje (Macedonia)"]
[Round "6"]
[White "Rogozenko Dorian (ROM)"]
[Black "Georgiev Kiril (MKD)"]
[Result "0-1"]
[WhiteElo "2519"]
[BlackElo "2654"]

1.d4 Nf6 2.c4 e6 3.Nc3 Bb4 4.e3 O-O 5.Bd3 d5 6.Nf3 c5 7.O-O dxc4 8.Bxc4 Nbd7
9.a3 cxd4 10.axb4 dxc3 11.bxc3 Qc7 12.Qe2 b6 13.Bd2 Bb7 14.Ba6 Be4 15.h3 Rfd8
16.Rfd1 Nb8 17.Bb5 a6 18.Be1 axb5 {#R} 0-1

[Event "It (open)"]
[Site "masterchessopen.com Virginia Beach (USA)"]
[Round "4"]
[White "Shabalov Alexander (USA)"]
[Black "Rohde Michael A (USA)"]
[Result "1-0"]
[WhiteElo "2613"]
[BlackElo "2502"]

1.d4 Nf6 2.c4 e6 3.Nc3 Bb4 4.e3 O-O 5.Bd3 d5 6.Nf3 c5 7.O-O dxc4 8.Bxc4 Nbd7
9.a3 cxd4 10.axb4 dxc3 11.bxc3 b6 12.Qd6 Bb7 13.Rd1 Qc8 14.Bb5 Rd8 15.Bb2 a6
16.Be2 b5 17.c4 bxc4 18.Qd4 Qc7 19.Rdc1 Nb6 20.Qh4 Nfd5 21.Be5 Qe7 22.Qxe7
Nxe7 23.Bc7 Ned5 24.Bxd8 Rxd8 25.Bxc4 Nxb4 26.Bf1 N6d5 27.Rc4 Nc6 28.Rb1 Ba8
29.Rbc1 Nde7 30.Rc5 a5 31.Bb5 g6 32.h3 Nb4 33.Rc7 Kf8 34.Ne5 Rd5 35.Nd7+ Kg7
36.Bf1 Rd6 37.Ne5 Rd5 38.f4 {#r} 1-0

[Event "Ch Hungary (team) 2001/02"]
[Site "masterchessopen.com Hungary"]
[Date "2002.04.07"]
[Round "10"]
[White "Beliavsky Alexander G (SLO)"]
[Black "Sax Gyula (HUN)"]
[Result "1-0"]
[WhiteElo "2649"]
[BlackElo "2511"]

1.d4 Nf6 2.c4 e6 3.Nc3 Bb4 4.e3 O-O 5.Bd3 d5 6.Nf3 c5 7.O-O dxc4 8.Bxc4 Nbd7
9.Qb3 a6 10.a4 Qe7 11.Rd1 h6 12.Bd2 b6 13.d5 Bxc3 14.Bxc3 exd5 15.Bxd5 Nxd5
16.Qxd5 Ra7 17.Qd6 Qxd6 18.Rxd6 Rc7 19.Nh4 Re8 20.Nf5 f6 21.g4 Kf8 22.h3 h5
23.Kg2 Ne5 24.Bxe5 Rxe5 25.Rxb6 Bxf5 26.gxf5 Rxf5 27.Rxa6 Rd7 28.f4 g5 29.Kf3
gxf4 30.Ke4 Re5+ 31.Kxf4 Kf7 32.Rb6 Rd3 33.Ra3 Rexe3 34.Rxd3 Rxd3 35.a5 Rxh3
36.a6 Kg6 37.Ke4 Rh4+ 38.Kd5 Ra4 39.Kxc5 h4 40.Kb5 h3 41.Rb8 Rh4 42.Rg8+ Kf5
43.Rg1 Rh8 44.a7 Kf4 45.b4 h2 46.Rh1 Kg3 47.Ka6 Kg2 48.Rxh2+ Kxh2 49.b5 {#r}
1-0

[Event "Ch Hungary (team) 2001/02"]
[Site "masterchessopen.com Hungary"]
[Date "2002.04.07"]
[Round "10"]
[White "Jakab Attila (HUN)"]
[Black "Ribli Zoltan (HUN)"]
[Result "0-1"]
[WhiteElo "2358"]
[BlackElo "2568"]

1.d4 Nf6 2.c4 e6 3.Nc3 Bb4 4.e3 O-O 5.Bd3 c5 6.Nf3 d5 7.O-O dxc4 8.Bxc4 Nbd7
9.Qe2 b6 10.d5 Bxc3 11.dxe6 Ne5 12.exf7+ Kh8 13.bxc3 Bg4 14.e4 Qe7 15.Re1 b5
16.Bxb5 Nh5 17.Bc4 Qf6 18.Bg5 Bxf3 19.Bxf6 Bxe2 20.Bd5 gxf6 21.Bxa8 Bd3 22.Bd5
Nf4 23.Re3 c4 24.g3 Nxd5 25.exd5 Rxf7 26.f4 Ng6 27.Re8+ Kg7 28.Rd8 Re7 29.d6
Re6 30.Kf2 Re2+ 31.Kf3 Re6 32.Kf2 Re2+ 33.Kf3 Re6 34.d7 Rd6 35.Re1 Kf7 36.Ra8
Rxd7 37.Ree8 Ne7 38.Rf8+ Ke6 39.Rfd8 Rxd8 40.Rxd8 Nd5 41.Ra8 Nxc3 42.Rxa7 Nd5
43.f5+ Bxf5 44.Ke2 c3 45.a4 Ke5 46.a5 Kd4 47.Rb7 Bg4+ 48.Ke1 Kd3 49.Rb1 c2
50.Ra1 Nc3 {#R} 0-1